|
|
|
|
| LEADER |
00000nam0a2200000 4500 |
| 001 |
189569 |
| 005 |
20241219095015.0 |
| 010 |
|
|
|a 9785982986856
|
| 035 |
|
|
|a (RuTPU)RU\TPU\book\206222
|
| 035 |
|
|
|a RU\TPU\book\161416
|
| 090 |
|
|
|a 189569
|
| 100 |
|
|
|a 20101227d2010 m y0rusy50 ca
|
| 101 |
0 |
|
|a rus
|
| 102 |
|
|
|a RU
|
| 105 |
|
|
|a a j 001zy
|
| 200 |
1 |
|
|a Микропроцессоры и цифровые системы в неразрушающем контроле
|e учебное пособие
|f Ю. В. Алхимов
|g Национальный исследовательский Томский политехнический университет (ТПУ)
|
| 210 |
|
|
|a Томск
|c Изд-во ТПУ
|d 2010
|
| 215 |
|
|
|a 245 с.
|c ил.
|
| 320 |
|
|
|a Список литературы: с. 242.
|
| 330 |
|
|
|a В учебном пособии представлены основные вопросы, касающиеся архитектуры и программирования микропроцессоров и микроконтроллеров. Рассмотрены вопросы построения вычислительных систем на основе микропроцессоров, систем памяти и ввода/вывода, методика применения этих средств при проектировании аппаратуры неразрушающего контроля. Предназначено для студентов, аспирантов и специалистов в области НК.
|
| 452 |
|
1 |
|0 (RuTPU)RU\TPU\book\198213
|t Микропроцессоры и цифровые системы в неразрушающем контроле
|o учебное пособие
|f Ю. В. Алхимов
|g Томский политехнический университет (ТПУ)
|c Томск
|n Изд-во ТПУ
|d 2008
|a Алхимов, Юрий Васильевич
|
| 606 |
1 |
|
|a Неразрушающий контроль
|2 stltpush
|3 (RuTPU)RU\TPU\subj\66931
|9 82903
|
| 606 |
|
|
|a Микропроцессорная техника
|2 stltpush
|3 (RuTPU)RU\TPU\subj\43708
|9 63168
|
| 610 |
1 |
|
|a микропроцессоры
|
| 610 |
1 |
|
|a цифровые системы
|
| 610 |
1 |
|
|a компьютерные системы
|
| 610 |
1 |
|
|a вычислительные системы
|
| 610 |
1 |
|
|a однокристальные микропроцессоры
|
| 610 |
1 |
|
|a архитектура
|
| 610 |
1 |
|
|a Intel
|
| 610 |
1 |
|
|a микроконтроллеры
|
| 610 |
1 |
|
|a задания
|
| 610 |
1 |
|
|a учебные пособия
|
| 610 |
1 |
|
|a труды учёных ТПУ
|
| 675 |
|
|
|a 620.179.1(075.8)
|v 3
|
| 675 |
|
|
|a 681.325.5-181.48(075.8)
|v 3
|
| 700 |
|
1 |
|a Алхимов
|b Ю. В.
|c специалист в области неразрушающего контроля
|c доцент Томского политехнического университета, кандидат технических наук
|f 1958-
|g Юрий Васильевич
|2 stltpush
|3 (RuTPU)RU\TPU\pers\26434
|
| 712 |
0 |
2 |
|a Национальный исследовательский Томский политехнический университет (ТПУ)
|c (2009- )
|2 stltpush
|3 (RuTPU)RU\TPU\col\15902
|
| 801 |
|
1 |
|a RU
|b 63413507
|c 20081210
|g PSBO
|
| 801 |
|
2 |
|a RU
|b 63413507
|c 20120412
|g PSBO
|
| 900 |
|
|
|a Микропроцессоры в аппаратуре контроля и диагностики
|
| 900 |
|
|
|a Микропроцессорная техника
|
| 900 |
|
|
|a Микропроцессорные системы
|
| 900 |
|
|
|a Микропроцессорные средства в аппаратах защиты, контроля и диагностики
|
| 900 |
|
|
|a Микропроцессоры и цифровые системы в приборостроении
|
| 900 |
|
|
|a Цифровая и микропроцессорная техника
|
| 900 |
|
|
|a Микропроцессоры в аппаратуре контроля и диагностики
|
| 942 |
|
|
|c BK
|